| 000 | 01495nam a22002657a 4500 | ||
|---|---|---|---|
| 999 |
_c36863 _d36863 |
||
| 001 | 6595 | ||
| 003 | CO-MdFUSB | ||
| 005 | 20170922084953.0 | ||
| 008 | 170922t2003 ne ||||| |||| 00| 0 spa d | ||
| 020 | _a90-6311001-4 : Donación | ||
| 040 |
_aCO-MdFUSB _bspa _cCO-MdFUSB _dCO-MdFUSBC _erda |
||
| 041 | 0 | _aspa | |
| 082 | 0 | 4 | _aG 223.7 V243p |
| 100 | 1 |
_aVan Deursen, Frans _eautor |
|
| 245 | 0 |
_aProverbios _c/ Frans Van Deursen |
|
| 264 | 4 |
_aRijswijk, Países Bajos : _bFundación Editorial de Literatura Reformada FELIRE, _c©2003 |
|
| 300 | _a426 p. | ||
| 336 |
_2rdacontent _atexto _btxt |
||
| 337 |
_2rdamedia _asin mediación _bn |
||
| 338 |
_2rdacarrier _avolumen _bnc |
||
| 500 | _aTítulo original: Spreuken | ||
| 505 | 0 | 0 | _aProverbios o Meshalim -- Manual para su uso y aplicación -- El principio de la sabiduría es el temor a Yahvé -- Escuchar hace sabio, y la sabiduría hace vivir, íPero, hay que escuchar a tiempo! -- El buscador de la sabiduría encuentra también sentido y protección de la vida -- En el cumplimiento de los mandamientos de Dios hay gran galardón para toda nuestra vida -- Lo que l propio Salomón aprendió -- Adulterio y prostitución -- La imaginaria doña sabiduría -- ¿Qué invitación aceptas? - El "verdadero" libro de proverbios -- Proverbios de Salomón -- Algunas palabras de otros sabios -- Algunas palabras de Agur, hijo de Jaqué -- Canto de alabanza a una mujer virtuosa. |
| 653 | _aBiblia A.T. - Proverbios - Comentarios | ||
| 942 | _cBK | ||